000 00596nam a22002297a 4500
003 UA-OsUOA
001 98404
007 ta
008 20130415b un ||||| |||| 00| 0 ukr d
100 _aЛузин Н.
090 _a517.586
_bЛ83
942 _cBK
040 _aUA-OsUOA
_brus
_cUA-OsUOA
_dUA-OsUOA
245 _aЛекции об аналитических множествах и их приложениях
300 _a357 с.
955 _a1
041 _arus
080 _a517.586
260 _aМ.
_bГОИЗТТЛ
_c1953
650 7 _a517 Аналіз
_2UDC
999 _c385059
_d385059